| 000 | 01025 a2200325 4500 | ||
|---|---|---|---|
| 999 |
_c200438868 _d57080 |
||
| 001 | 77625 | ||
| 003 | TR-AnTOB | ||
| 005 | 20240925153654.0 | ||
| 008 | 201111s1969 tu 00000 tur d | ||
| 040 |
_aTR-AnTOB _beng _erda _cTR-AnTOB |
||
| 041 | 1 |
_atur _heng |
|
| 050 |
_aHB99.7 _b.K37819 1969 |
||
| 090 | _aTOBBK HB99.7 .K37819 1969 | ||
| 100 | 1 |
_aKeynes, John Maynard, _d1883-1946 _951227 |
|
| 245 | 1 | 0 |
_aİstihdam, faiz ve para genel teorisi / _c J. M. Keynes ; Türkçeye çeviren Asım Baltacıgil. |
| 264 | 3 |
_aİstanbul : _bFakülteler Matbaası, _c1969. |
|
| 300 |
_axiii, 357 pages , _c24cm. |
||
| 336 |
_atext _btxt _2rdacontent |
||
| 337 |
_aunmediated _bn _2rdamedia |
||
| 338 |
_avolume _bnc _2rdacarrier |
||
| 650 | _aEconomics. | ||
| 650 | _aMoney. | ||
| 650 | _aMonetary policy. | ||
| 650 | 7 |
_aİstihdam (Ekonomi teorisi) _2etuturkob _922781 |
|
| 650 | 7 |
_aPara _9123593 |
|
| 650 | 7 |
_aPara politikası _912620 |
|
| 700 |
_aBaltacıgil, Asım _954848 |
||
| 942 |
_2lcc _cBK |
||